Á lódáil...

Karnataka land reforms at 1961

Sonraí Bibleagrafaíochta
Príomhúdar: Achar, M R
Teanga:English
Foilsithe: Bangalore Navajyothi Prakashana 1984
Eagrán:4th ed.
LEADER 00369nam a22001457a 4500
003 OSt
008 101021t xxu||||| |||| 00| 0 eng d
080 |a 349.41(540.61)  |b ACH'84 
100 |a Achar, M R  |9 17286 
245 |a Karnataka land reforms at 1961 
250 |a 4th ed. 
260 |a Bangalore  |b Navajyothi Prakashana  |c 1984 
300 |a 193p. 
942 |c BK  |6 _ 
999 |c 129378  |d 129378